Responses for show #547 - Tuesday, January 13, 1987

Contestants

Janet Weymouth, a professional mother from Newport News, Virginia

Mark Winburne, a copywriter from Memphis, Tennessee

Sharon Miyasato, an attorney from Oakland, California (whose 1-day cash winnings total $13,999)

Jeopardy! Round responses

TECHNOLOGY
POTENT POTABLES
CELEBRITY SECRETS
EASY OPERA
SPORTS TRIVIA
ACCORDING TO SPOCK
    $100 17
Robert Bunsen

Sharon
    $100 13
beer

Triple Stumper
    $100 1
Lou Costello

Mark
    $100 7
gold

Triple Stumper
    $100 6
Brooklyn

Sharon
    $100 2
spanking

Janet
    $200 18
refrigeration

Mark
    $200 14
Champagne

Sharon
    $200 3
The Beatles

Triple Stumper
    $200 8
comic

Sharon
    $200 10
Rod Carew

Mark
    $200 5
(Sharon: What is walk?)

crawl

SharonMark
    $300 19
carburetor

Mark
    $300 4
Carroll Baker

Triple Stumper
    $300 9
sleepwalking

Mark
    $300 11
goatskin

Triple Stumper
    $300 25
(Janet: What is occasionally?)
(Alex: Never, because it sets up independence.)

never

SharonJanet
    $400 20
bronze

Sharon
    $400 15
Marlon Brando

Mark
    $400 21
(Sharon: Who was Don Quixote?)

Don Juan (Don Giovanni)

SharonMark
    $400 12
skiing

Janet
    $400 26
(Sharon: What is detergent?)
(Janet: What are soap flakes?)
[end-of-round signal sounds]

fabric softener

SharonJanet
Triple Stumper
    $600 22
(Mark: What is making them with training wheels?)
(Alex: We've got a minute to go in the round.)

filling them with air (pneumatic tires)

Mark
    $500 23
Jackie Cooper

Sharon
    $500 24
Arturo Toscanini

Sharon
    $500 16
32

Mark

Scores at the first commercial break (after clue 12):

Sharon Mark Janet
$100 $800 $500

Scores at the end of the Jeopardy! Round:

Sharon Mark Janet
$1,300 $2,000 -$200

Double Jeopardy! Round responses

NATURE
MOVIE ROYALTY
TRAVEL & TOURISM
WOMEN AUTHORS
REMEMBER DISCO?
(Alex: Don't we all?)
"B.S."
    $200 21
fauna

Mark
    $200 2
mirror

Sharon
    $200 7
Vienna

Sharon
    $200 16
Mae West

Sharon
    $200 11
boogie

Mark
    $200 1
Bachelor of Science

Sharon
    $400 22
water

Mark
    $400 3
Raymond Massey

Mark
    $400 8
North America (Montreal)

Sharon
    $400 17
Helen Keller

Sharon
    $400 12
Gloria Gaynor

Mark
    $400 26
Bering Strait

Janet
    $600 23
(Mark: What is breathe...bellow?)

swinging through the trees

Mark
Triple Stumper
    $600 4
Omar Sharif (or Charles Boyer)

Sharon
    $600 9
Sweden

Sharon
    $600 18
Isak Dinesen

Mark
    $600 13
Evelyn King

Mark
    $600 27
the Bobby-Soxer

Sharon
    $800 24
(Alex: We have one minute to go.)

Richard Adams

Sharon
    $800 5
Louis XVI

Sharon
    $800 10
Azores

Mark
    $800 19
Jacqueline Susann

Sharon
    $800 14
"Enough is Enough"

Mark
    $800 28
"Blithe Spirit"

Mark
    $1000 6
Queen Christina

Sharon
    $1000 25
Union de Transports Aeriens

Triple Stumper
    $1000 20
Germaine Greer

Janet
    $1,000 15
(Mark: What is "A Fifth of Beethoven?")

"Hooked on Classics"

Mark
    $1000 29
[end-of-round signal sounds]

Bronze Star

Mark

Scores at the end of the Double Jeopardy! Round:

Sharon Mark Janet
$8,100 $6,600 $1,200

[wagering suggestions for these scores]

Final Jeopardy! Round responses

THE CENSUS
JanetWhat is Calif ?
$1,198
MarkWhat is California ?
$4,100
SharonWhat is California ?
$5,101
Texas (Dallas, Houston & San Antonio)

Final scores:

Sharon Mark Janet
$2,999 $2,500 $2
2-day champion: $16,998 2nd place: Windjammer Bahamas Barefoot cruise 3rd place: Panasonic color monitor receiver

Game dynamics:

Coryat scores:

Sharon Mark Janet
$8,100 $8,200 $1,200
21 R
(including 1 DD),
3 W
20 R,
3 W
(including 2 DDs)
4 R,
2 W

Combined Coryat: $17,500

The J! Archive is created by fans, for fans. The Jeopardy! game show and all elements thereof, including but not limited to copyright and trademark thereto, are the property of Jeopardy Productions, Inc. and are protected under law. This website is not affiliated with, sponsored by, or operated by Jeopardy Productions, Inc. Join the discussion at JBoard.tv.